| 000 | 00478nam a2200181 a 4500 | ||
|---|---|---|---|
| 001 | 35146 | ||
| 005 | 20180714003422.0 | ||
| 008 | 140415s1993 mx 000 0 spa d | ||
| 020 | _a9684526903 | ||
| 041 | _aspa | ||
| 082 |
_a341.488 _bCOL |
||
| 100 | 1 | _aCOLIN SANCHEZ, GUILLERMO | |
| 245 | 1 | 0 | _aPROCEDIMIENTOS PARA LA EXTRADICION |
| 250 | _a1a ed. | ||
| 260 |
_aMEXICO : _bPORRUA, _c1993 |
||
| 300 | _a547 | ||
| 650 | 1 | 4 |
_aDERECHO INTERNACIONAL _xEXTRADICION |
| 999 |
_c35146 _d35146 |
||